00333nam a2200133Ia 4500008004100000020001800041041001200059082001800071100002700089245003000116250001200146260003000158300001100188231221s9999 xx 000 0 und d a9790000000000 aEnglish a001.42 KHA;1 aKhatoi, Pratap Keshari 0aBusiness research methods a2nd ed. c2009bKalayaniaLudhiyana a225, 5